00619nam a2200181Ia 4500001002300000003000900023008004100032040002300073041001300096100001900109245006900128250001500197260002800212300002500240490000900265501012400274650003900398226.2-Mt GAL ma (1062)IT-MiSPE171229s9999||||xx |||||||||||||| ||und|| aIT-MiSPEcIT-MiSPE aITALIANO aMario Galizzi  0aVangelo secondo Matteo (14-23)bII. Un popolo che si dice Chiesa a1a ed. (v) aLeumann (TO)bLDCc1981 a175 p. [3 v.]c19 cm v 2° aEdizioni San Paolo srl - Piazza Soncino, 5 - 20092 CINISELLO BALSAMO (MI) (non commercial uses only) ® Copyright 2018 aBIBBIA. NT. Vangelo secondo Matteo